000 00982nmm a2200301 a 4500
001 ocm0001299402
003 TR-IsHL
005 20201028161911.0
008 160715s2014 tu tur
007 cr cn
020 _a9786055541132
035 _a1299402
_b(N$T)
050 0 4 _aB4872
_b.S45 2014
090 0 4 _aB4872
_b.S45 2014
100 1 _aSilier, Yıldız
245 1 0 _aOburluk çağı: felsefe ve politik-psikoloji denemeleri
_h[electronic resource] /
_cYıldız Silier
250 _a3. basım
260 _aİstanbul :
_bYordam Kitap,
_c2014
300 _a193 p.
650 4 _aFelsefe, Psikoloji ve Din
650 4 _aPhilosophy, Psychology and Religion
650 0 _aFelsefe
_xTürkiye
650 0 _aPhilosophy
_xTurkey
650 0 _aFelsefe, Modern
650 0 _aPhilosophy, Modern
650 7 _aPHILOSOPHY / History & Surveys / General
_2bisacsh
856 4 0 _uhttp://search.ebscohost.com/login.aspx?direct=true&scope=site&db=e011xww&AN=1299402
999 _c14408
_d14408